[Event "Open Rethimno"]
[Site "Open Rethimno"]
[Date "1995.??.??"]
[Round "4"]
[White "Shipov, Sergei"]
[Black "Nikolaidis, Ioannis"]
[Result "1-0"]
[WhiteElo "2510"]
[BlackElo "2495"]
[PlyCount "53"]
[EventDate "1995.??.??"]
[Source "www.chesslib.no"]
[SourceDate "2004.05.04"]

1. d4 Nf6 2. c4 a6 3. Nf3 b5 4. Nbd2 c5 5. e4 cxd4 6. e5 Ng4 7. h3 Nh6 8. cxb5 axb5 9. Bxb5 Qb6 10. a4 Ba6 11. Nc4 Qg6 12. Bxa6 Nxa6 13. O-O d3 14. a5 Rc8 15. Nb6 Rc7 16. Be3 e6 17. Rc1 Qe4 18. Rxc7 Nxc7 19. Qc1 Qb7 20. Rd1 Bb4 21. Rxd3 Bxa5 22. Nc4 Bb4 23. Rb3 Nf5 24. Bc5 Na6 25. Bxb4 Nc5 26. Nd6+ Nxd6 27. Qxc5 1-0

[Event "ISL-chT9899"]
[Site "Reykjavik"]
[Date "1998.??.??"]
[Round "?"]
[White "Stefansson, Hannes"]
[Black "Bosboom, Manuel"]
[Result "0-1"]
[WhiteElo "2547"]
[BlackElo "2444"]
[PlyCount "56"]
[EventDate "1999.??.??"]
[Source "www.chesslib.no"]
[SourceDate "2004.05.04"]

1. d4 Nf6 2. c4 a6 3. Nc3 c5 4. dxc5 e6 5. Be3 Qc7 6. Na4 Ng4 7. Bd4 e5 8. Bc3 Bxc5 9. e3 d6 10. Nf3 O-O 11. Nxc5 Qxc5 12. Nd2 Nf6 13. Rc1 Nc6 14. Bd3 d5 15. O-O Qe7 16. Qe2 Rd8 17. b3 Bg4 18. f3 Be6 19. Bb2 d4 20. exd4 exd4 21. f4 Bf5 22. Qxe7 Nxe7 23. Be2 Nc6 24. a3 Ne4 25. Rfd1 Na5 26. Nxe4 Bxe4 27. Bxd4 Nxb3 28. Bb6 Nxc1 0-1

[Event "Stip"]
[Site "Stip"]
[Date "1977.11.??"]
[Round "3"]
[White "Bukic, Enver"]
[Black "Rajkovic, Dusan"]
[Result "1/2-1/2"]
[WhiteElo "2490"]
[BlackElo "2495"]
[PlyCount "80"]
[EventDate "1977.11.??"]
[Source "www.chesslib.no"]
[SourceDate "2004.05.04"]

1. d4 Nf6 2. c4 a6 3. Qc2 g6 4. Bg5 Bg7 5. e3 O-O 6. Nc3 c5 7. Nf3 cxd4 8. exd4 d6 9. Be2 Bg4 10. O-O Nc6 11. Rad1 Rc8 12. h3 Bxf3 13. Bxf3 Qa5 14. Be3 e5 15. Bxc6 Rxc6 16. dxe5 dxe5 17. Qb3 Re8 18. Nd5 b5 19. c5 Nxd5 20. Rxd5 Qa4 21. Qxa4 bxa4 22. Rc1 f5 23. Rc4 f4 24. Bd2 Bf8 25. f3 Kf7 26. Bc3 Rec8 27. Rxa4 Bxc5+ 28. Kf1 Bd6 29. Ke2 Ke6 30. Rda5 Ra8 31. Re4 Bc7 32. Raa4 Rb6 33. Reb4 g5 34. Rxb6+ Bxb6 35. Kd3 Kf5 36. Rc4 Rd8+ 37. Ke2 Rd6 38. a4 h5 39. a5 Ba7 40. b4 Bg1 1/2-1/2

[Event "JUG Ch"]
[Site "Umag CRO"]
[Date "1972.??.??"]
[Round "1"]
[White "Marovic, Drazen"]
[Black "Planinec, Albin"]
[Result "1-0"]
[WhiteElo "2465"]
[BlackElo "2520"]
[PlyCount "61"]
[EventDate "1972.??.??"]
[Source "www.chesslib.no"]
[SourceDate "2004.05.04"]

1. c4 b6 2. Nc3 Bb7 3. d4 Nf6 4. Qc2 d5 5. cxd5 Nxd5 6. Nf3 Nxc3 7. bxc3 Nd7 8. e4 g6 9. Bc4 e6 10. O-O a6 11. a4 Bg7 12. Bg5 Qc8 13. Qe2 h6 14. Bf4 Nf6 15. d5 O-O 16. dxe6 fxe6 17. Nd4 Re8 18. e5 Nd5 19. Bd2 c5 20. Nc2 g5 21. f4 gxf4 22. Bxf4 Qc7 23. Bxd5 exd5 24. Rae1 Re6 25. Ne3 Kh8 26. Nf5 Rg8 27. Qh5 d4 28. cxd4 Bxe5 29. Bxe5+ Qxe5 30. Rxe5 Rxg2+ 31. Kh1 1-0

[Event "JUG Team Ch"]
[Site "Cetinje"]
[Date "1993.??.??"]
[Round "10"]
[White "Cabrilo, Goran"]
[Black "Marinkovic, Ivan"]
[Result "1/2-1/2"]
[WhiteElo "2530"]
[BlackElo "2445"]
[PlyCount "57"]
[EventDate "1993.??.??"]
[Source "www.chesslib.no"]
[SourceDate "2004.05.04"]

1. Nf3 Nf6 2. c4 b6 3. d4 Bb7 4. g3 c5 5. d5 b5 6. Bg2 g6 7. O-O Bg7 8. Nfd2 bxc4 9. Nxc4 d6 10. b3 Nfd7 11. Bb2 Bxb2 12. Nxb2 O-O 13. Nc3 Ba6 14. Qc2 Qa5 15. Rfc1 Nf6 16. Ncd1 Nbd7 17. Ne3 Rab8 18. Nbc4 Qb4 19. Rab1 Bxc4 20. bxc4 Qa3 21. Bh3 Rb4 22. Kg2 Rfb8 23. Bxd7 Nxd7 24. Qe4 Kf8 25. Rxb4 Qxb4 26. Qh4 Nf6 27. Qh6+ Kg8 28. Nd1 Qa3 29. Qd2 1/2-1/2

[Event "Cacak"]
[Site "Cacak"]
[Date "1996.??.??"]
[Round "7"]
[White "Damljanovic, Branko"]
[Black "Marinkovic, Ivan"]
[Result "1/2-1/2"]
[WhiteElo "2470"]
[BlackElo "2505"]
[PlyCount "162"]
[EventDate "1996.11.??"]
[Source "ChessBase"]
[SourceDate "1997.04.10"]

1. Nf3 Nf6 2. g3 b6 3. d4 Bb7 4. c4 c5 5. d5 b5 6. Bg2 g6 7. O-O Bg7 8. a4 bxc4 9. Ne5 d6 10. Nxc4 Nbd7 11. Nc3 a5 12. Qb3 Qb8 13. Bd2 O-O 14. Ra3 Rc8 15. Rd1 Ra6 16. e4 Qa8 17. Nb5 Ne8 18. Bc3 Rb8 19. Bxg7 Kxg7 20. Qc3+ Kg8 21. b3 Nb6 22. Ra2 Bc8 23. e5 Bb7 24. exd6 exd6 25. Rad2 Rd8 26. h4 h5 27. Kh2 Nd7 28. Bf3 Ndf6 29. Kg1 Rd7 30. Re1 Qd8 31. Rde2 Ng7 32. Qd2 Ra8 33. Bg2 Ba6 34. Bh3 Bxb5 35. axb5 Rb7 36. b6 a4 37. bxa4 Rxa4 38. Rc1 Nge8 39. Qg5 Kf8 40. Qh6+ Kg8 41. Qg5 Rxc4 42. Rxc4 Qxb6 43. Rc1 Kg7 44. Bg2 Nc7 45. Rce1 Qb4 46. Be4 Nxe4 47. Rxe4 Qb3 48. R4e3 Qxd5 49. Qxd5 Nxd5 50. Rd3 Nc7 51. Re7 Kf8 52. Rd7 Rb1+ 53. Kg2 Ne8 54. Re3 Rb8 55. Rf3 f6 56. Ra3 Rc8 57. Kf3 c4 58. Rc3 f5 59. Rc2 c3 60. Ke3 Rc6 61. f3 Nc7 62. Kd3 Na6 63. Kd4 Nb4 64. Rxc3 Nc2+ 65. Kd3 Ne1+ 66. Kd2 Rxc3 67. Kxc3 Nxf3 68. Rxd6 Kf7 69. Kd3 Ne5+ 70. Ke2 Ng4 71. Ra6 Nf6 72. Ra7+ Kf8 73. Ke3 Ne4 74. Kf4 Kg8 75. Ke5 Kf8 76. Kf4 Kg8 77. Ke5 Kf8 78. Ke6 Kg8 79. Ke5 Kf8 80. Kf4 Kg8 81. Ke5 Kf8 1/2-1/2

[Event "Decin-A"]
[Site "Decin CZE"]
[Date "1976.??.??"]
[Round "3"]
[White "Malich, Burkhard"]
[Black "Hartston, William R"]
[Result "1/2-1/2"]
[WhiteElo "2530"]
[BlackElo "2445"]
[PlyCount "76"]
[EventDate "1976.06.??"]
[Source "www.chesslib.no"]
[SourceDate "2004.05.04"]

1. Nf3 Nf6 2. c4 b6 3. d4 Bb7 4. Nc3 g6 5. d5 Bg7 6. e4 O-O 7. Bg5 h6 8. Bh4 d6 9. Bd3 c6 10. O-O cxd5 11. exd5 Nbd7 12. Re1 Re8 13. Rc1 a6 14. Bf1 Rc8 15. Qd2 Nf8 16. Nd4 e5 17. dxe6 fxe6 18. Rcd1 g5 19. Bg3 Nh5 20. Nc2 Nxg3 21. hxg3 d5 22. cxd5 Bxc3 23. bxc3 Qxd5 24. Qxd5 Bxd5 25. Nb4 Bc4 26. Bxc4 Rxc4 27. Rd6 a5 28. Nd5 Kf7 29. Rxb6 Rd8 30. Ne3 Rxc3 31. Ng4 Kg7 32. Rb7+ Rd7 33. Rxd7+ Nxd7 34. Rxe6 h5 35. Ne3 Nc5 36. Re7+ Kg6 37. f4 Rc1+ 38. Kf2 Ra1 1/2-1/2

[Event "Pamplona op.-1998"]
[Site "Pamplona"]
[Date "1999.??.??"]
[Round "8"]
[White "Konmljenovic, D."]
[Black "Bosboom, M."]
[Result "0-1"]
[WhiteElo "2480"]
[BlackElo "2490"]
[PlyCount "104"]
[EventDate "1999.??.??"]
[Source "www.chesslib.no"]
[SourceDate "2004.05.04"]

1. d4 Nf6 2. c4 a6 3. Nc3 c5 4. dxc5 e6 5. e4 Qa5 6. Bd3 Nc6 7. f4 e5 8. Nf3 Bxc5 9. Nxe5 d6 10. Nf3 O-O 11. Bd2 Re8 12. Qe2 Bg4 13. O-O-O b5 14. Kb1 bxc4 15. Bxc4 Rab8 16. h3 Be6 17. Bxe6 Rxe6 18. b3 Nb4 19. e5 Nh5 20. Be1 Nxf4 21. Qc4 Nxg2 22. Bd2 d5 23. Qe2 Nh4 24. Na4 Nxf3 25. Qxf3 Qb5 26. Nxc5 Qxc5 27. Bxb4 Qxb4 28. Rxd5 Qe7 29. Qc3 g6 30. Rhd1 Qg5 31. Rd6 Qf5+ 32. Kb2 Rxe5 33. Rxa6 Rc8 34. Qd3 Qxd3 35. Rxd3 Re2+ 36. Kb1 Rcc2 37. Rd7 Rb2+ 38. Ka1 Rf2 39. Rd1 Rh2 40. h4 Kg7 41. Ra4 h5 42. Rb1 Rbc2 43. Rf1 f5 44. Rg1 f4 45. b4 f3 46. Ra7+ Kh6 47. b5 f2 48. Rb1 Rb2 49. Rf1 Re2 50. Rc7 Re1+ 51. Rc1 Rxc1+ 52. Rxc1 Rg2 0-1

[Event "Budapest FS06 GM"]
[Site "Budapest"]
[Date "2002.06.01"]
[Round "1"]
[White "Postny, Evgeny"]
[Black "Shirazi, Kamran G"]
[Result "1-0"]
[WhiteElo "2482"]
[BlackElo "2486"]
[PlyCount "81"]
[EventDate "2002.06.01"]
[Source "ChessBase"]
[SourceDate "2002.07.08"]

1. d4 Nf6 2. c4 a6 3. Nf3 b5 4. e3 bxc4 5. Bxc4 c5 6. dxc5 e6 7. O-O Bxc5 8. Qc2 d5 9. Bd3 Nbd7 10. Nc3 Bb7 11. e4 Rc8 12. exd5 Nxd5 13. Nxd5 Bxd5 14. Bxa6 Rc7 15. Bf4 Bd6 16. Qd2 Bxf4 17. Qxf4 O-O 18. b4 Rc3 19. Be2 Ra3 20. b5 Qa5 21. Qd6 Nf6 22. Ne5 Ra4 23. Nc6 Bxc6 24. Qxc6 Nd5 25. Bf3 Nb4 26. Qb7 Nc2 27. Rab1 Nd4 28. b6 Rxa2 29. Qe4 e5 30. b7 Qa7 31. Qxe5 Rb8 32. Bd5 Re2 33. Qc7 Ne6 34. Qc8+ Nf8 35. Ra1 Rxc8 36. bxc8=Q Qd4 37. Ra8 Qb4 38. Bxf7+ Kxf7 39. Qf5+ Kg8 40. Qd5+ Kh8 41. Qf3 1-0

[Event "Olympiad"]
[Site "Malta ol"]
[Date "1980.??.??"]
[Round "?"]
[White "Schmidt, Wlodzimierz"]
[Black "Stean, Michael F"]
[Result "1/2-1/2"]
[WhiteElo "2430"]
[BlackElo "2530"]
[PlyCount "75"]
[EventDate "1980.??.??"]
[Source "www.chesslib.no"]
[SourceDate "2004.05.04"]

1. d4 e6 2. c4 b6 3. d5 Nf6 4. a3 Ba6 5. b3 exd5 6. cxd5 g6 7. Bb2 Bg7 8. g3 O-O 9. Bg2 c5 10. Nc3 d6 11. Ra2 Nbd7 12. Nf3 Re8 13. O-O Ne4 14. Nxe4 Rxe4 15. Bxg7 Kxg7 16. Re1 Qf6 17. e3 Rae8 18. Nd2 R4e7 19. Nc4 Ne5 20. Rc2 Nxc4 21. bxc4 b5 22. cxb5 Bxb5 23. Qd2 Rb8 24. e4 Ba4 25. Rc3 Reb7 26. e5 dxe5 27. Qe3 Rb1 28. Rxc5 Rxe1+ 29. Qxe1 Rb2 30. h4 Bb5 31. Qe3 a6 32. Bf3 h5 33. Kg2 Ra2 34. Rc7 Qd6 35. Qa7 Qf6 36. Qe3 Qd6 37. Qa7 Qf6 38. Qe3 1/2-1/2

[Event "Karseladze Memorial"]
[Site "Kutaisi"]
[Date "1978.??.??"]
[Round "?"]
[White "Podgaets, Mikhail"]
[Black "Gurgenidze, Bukhuti I"]
[Result "1-0"]
[WhiteElo "2450"]
[BlackElo "2510"]
[PlyCount "101"]
[EventDate "1978.??.??"]
[Source "www.chesslib.no"]
[SourceDate "2004.05.04"]

1. d4 Nf6 2. c4 a6 3. Nc3 b5 4. cxb5 axb5 5. Nxb5 e6 6. Nf3 c5 7. e3 Ba6 8. a4 Nc6 9. Be2 Be7 10. O-O O-O 11. b3 cxd4 12. Nfxd4 Nd5 13. Bb2 Bf6 14. Rb1 Qb6 15. Qd2 Nxd4 16. Bxd4 Bxd4 17. Nxd4 Bxe2 18. Nxe2 Rfb8 19. Rfc1 h6 20. h3 Qb4 21. Qxb4 Nxb4 22. Nd4 Kf8 23. Nb5 Ke7 24. Rc4 Nc6 25. Kf1 Rb7 26. Ke2 Na7 27. Nd4 Nc8 28. Rbc1 Nd6 29. Rc7 Rxc7 30. Rxc7 e5 31. Nf3 Ne4 32. Nd2 Kd6 33. Rc2 Nf6 34. e4 Ke6 35. g3 d5 36. Rc6+ Kd7 37. Rb6 Nxe4 38. Nxe4 dxe4 39. g4 Rf8 40. Ke3 f5 41. Rg6 Rb8 42. gxf5 Rxb3+ 43. Kxe4 Rb2 44. Rxg7+ Kd6 45. Rg6+ Kd7 46. Kxe5 Re2+ 47. Kd5 Rxf2 48. Rd6+ Ke7 49. Re6+ Kf7 50. Re4 Rxf5+ 51. Kc6 1-0

[Event "FRA-chT2S 9900"]
[Site "?"]
[Date "2000.01.15"]
[Round "5"]
[White "Foisor Ovidiu"]
[Black "Sulava Nenad"]
[Result "1/2-1/2"]
[WhiteElo "2491"]
[BlackElo "2466"]
[PlyCount "28"]
[EventDate "2000.??.??"]
[Source "www.chesslib.no"]
[SourceDate "2004.05.04"]

1. c4 b6 2. d4 e6 3. a3 Bb7 4. Nc3 Nf6 5. d5 Bd6 6. Nf3 O-O 7. e4 exd5 8. exd5 c6 9. dxc6 dxc6 10. Be2 Qc7 11. O-O Nbd7 12. Bg5 Rfe8 13. Qc2 Bf4 14. Rad1 Bxg5 1/2-1/2

[Event "Tch (Men) 2005/2006 NED"]
[Site "?"]
[Date "2006.03.25"]
[Round "8"]
[White "Cardon Helmut"]
[Black "Fridman Daniel"]
[Result "0-1"]
[WhiteElo "2397"]
[BlackElo "2559"]
[PlyCount "60"]
[EventDate "2006.??.??"]
[Source "www.chesslib.no"]
[SourceDate "2004.05.04"]

1. d4 e6 2. c4 b6 3. d5 Nf6 4. g3 Bb7 5. Bg2 b5 6. Qb3 Na6 7. Nc3 Nc5 8. Qxb5 a5 9. Bf4 Bd6 10. Bxd6 cxd6 11. b4 axb4 12. Qxb4 Qe7 13. Nf3 exd5 14. O-O dxc4 15. Qxc4 O-O 16. Rfd1 Rfc8 17. Qd4 d5 18. Rac1 Ne6 19. Qd2 Qa3 20. Nb5 Qxa2 21. Rxc8+ Bxc8 22. Qxa2 Rxa2 23. Nd6 Ba6 24. Ne5 Bxe2 25. Rb1 Ra6 26. Nf5 g6 27. Rb8+ Nf8 28. Ne7+ Kg7 29. Bxd5 Nxd5 30. Nxd5 d6 0-1

[Event "Zalakaros Open"]
[Site "Zalakaros"]
[Date "1995.??.??"]
[Round "7"]
[White "Horvath, Jozsef"]
[Black "Varga, Peter"]
[Result "1/2-1/2"]
[WhiteElo "2515"]
[BlackElo "2440"]
[PlyCount "31"]
[EventDate "1995.??.??"]
[Source "www.chesslib.no"]
[SourceDate "2004.05.04"]

1. c4 Nf6 2. d4 c6 3. Bf4 d5 4. e3 e6 5. Nc3 Qa5 6. a3 Ne4 7. Qb3 Nd7 8. cxd5 exd5 9. Nge2 Be7 10. f3 Nef6 11. Ng3 Nf8 12. e4 dxe4 13. fxe4 Ne6 14. Be3 Ng4 15. Bg1 g6 16. Bc4 1/2-1/2

[Event "Plovdiv"]
[Site "Plovdiv"]
[Date "1984.??.??"]
[Round "14"]
[White "Spassov, Liuben"]
[Black "Plaskett, Jim"]
[Result "1/2-1/2"]
[WhiteElo "2475"]
[BlackElo "2475"]
[PlyCount "132"]
[EventDate "1984.06.??"]
[Source "ChessBase"]

1. Nf3 Nf6 2. c4 b6 3. g3 Bb7 4. Bg2 g6 5. O-O Bg7 6. d4 O-O 7. Nc3 Ne4 8. Nxe4 Bxe4 9. Be3 d5 10. Qa4 dxc4 11. Qxc4 Nc6 12. Rfd1 Na5 13. Qa4 c6 14. Bd2 Nb7 15. Bf4 Qd5 16. Ne1 Bxg2 17. Nxg2 c5 18. dxc5 Nxc5 19. Qc2 Qe4 20. Rac1 Qb7 21. Be3 Rac8 22. Nf4 e6 23. f3 Qa6 24. Qb1 Na4 25. Rxc8 Rxc8 26. Rd2 Qb5 27. Qd3 Qe5 28. b3 Nc5 29. Bxc5 Qxc5+ 30. Kg2 h5 31. e3 Qc1 32. Ne2 Qc5 33. h4 Bf6 34. Kf2 Kg7 35. Qa6 b5 36. a4 b4 37. Rd7 Rc7 38. Rxc7 Qxc7 39. Qd3 Qc5 40. Qd2 Bc3 41. Qd3 Bf6 42. Qd2 e5 43. Nc1 a5 44. Nd3 Qd6 45. Qd1 e4 46. Nb2 Qxd1 47. Nxd1 exf3 48. Kxf3 Be5 49. Nf2 Kf6 50. Ne4+ Ke6 51. Nd2 Kd5 52. Nc4 Bc7 53. Nd2 Ke5 54. Nc4+ Kf5 55. e4+ Ke6 56. g4 hxg4+ 57. Kxg4 Bd8 58. Kf4 Bc7+ 59. Kg4 f6 60. Kf3 f5 61. Ke3 fxe4 62. Kxe4 Kf6 63. Ne3 Kf7 64. Nc4 Bd8 65. Kf4 Ke6 66. Ke4 Bc7 1/2-1/2

[Event "Israel Open Ch, Tel Aviv ISR"]
[Site "?"]
[Date "2001.??.??"]
[Round "7"]
[White "Lerner, K."]
[Black "Kudischewitsch, D."]
[Result "1/2-1/2"]
[WhiteElo "2575"]
[BlackElo "2370"]
[PlyCount "152"]
[EventDate "2001.??.??"]
[Source "www.chesslib.no"]
[SourceDate "2004.05.04"]

1. d4 Nf6 2. c4 c6 3. Nf3 b5 4. Nbd2 bxc4 5. Nxc4 g6 6. g3 Bg7 7. Bg2 O-O 8. O-O d6 9. Bd2 Be6 10. Qc2 Bd5 11. Rfe1 Nbd7 12. Ba5 Qc8 13. Ncd2 Qa6 14. Bc3 c5 15. e4 cxd4 16. Nxd4 Bb7 17. Bf1 Qb6 18. Nc4 Qc5 19. Na5 Bc8 20. Ndc6 Re8 21. Qe2 Qh5 22. Qxh5 Nxh5 23. Rac1 Nb6 24. Bxg7 Nxg7 25. Rc2 Kf8 26. b4 Ne6 27. f4 a6 28. Rec1 Bd7 29. Kf2 Rec8 30. Ke3 Ke8 31. Bg2 f6 32. e5 fxe5 33. fxe5 d5 34. Nd4 Nxd4 35. Kxd4 e6 36. Bf1 Rxc2 37. Rxc2 Ra7 38. h4 Nc8 39. Bd3 Ne7 40. Kc5 Nc8 41. Kd4 Ne7 42. h5 Nf5+ 43. Kc5 Rc7+ 44. Kb6 Rxc2 45. Bxc2 Nxg3 46. h6 Nf5 47. Kxa6 g5 48. Bd1 Ne3 49. Bh5+ Kd8 50. b5 g4 51. b6 g3 52. b7 Bc8 53. Nc6+ Kc7 54. bxc8=Q+ Kxc8 55. Nd4 g2 56. Ne2 d4 57. Bg6 Nf5 58. Bf7 Kd7 59. Ng1 d3 60. Bh5 d2 61. Kb7 Ne3 62. a4 d1=Q 63. Bxd1 Nxd1 64. a5 Nc3 65. a6 Nb5 66. Kb6 Nc7 67. a7 Na8+ 68. Kc5 Kc7 69. Kd4 Kb6 70. Ke3 Kxa7 71. Kf2 Nb6 72. Kxg2 Nc4 73. Nf3 Ne3+ 74. Kg3 Nf5+ 75. Kf4 Nxh6 76. Ng5 Kb6 1/2-1/2